Phát triển khoa học và trọng dụng nhân tài của Thăng Long - Hà Nội
Vai trò của khoa học và nhân tài trong quá trình phát triển của Thăng Long - Hà Nội, chính sách phát triển khoa học và trọng dụng nhân tài qua các thời kỳ.
Đã lưu trong:
| Hovedforfatter: | |
|---|---|
| Format: | Bog |
| Sprog: | Undetermined |
| Udgivet: |
Hà Nội
Nhà xuất bản Hà Nội
2010
|
| Fag: | |
| Tags: |
Tilføj Tag
Ingen Tags, Vær først til at tagge denne postø!
|
| Thư viện lưu trữ: | Trung tâm Học liệu Trường Đại học Cần Thơ |
|---|
| LEADER | 00894nam a2200205Ia 4500 | ||
|---|---|---|---|
| 001 | CTU_167792 | ||
| 008 | 210402s9999 xx 000 0 und d | ||
| 082 | |a 959.731 | ||
| 082 | |b Ch561 | ||
| 100 | |a Vũ, Hy Chương | ||
| 245 | 0 | |a Phát triển khoa học và trọng dụng nhân tài của Thăng Long - Hà Nội | |
| 245 | 0 | |c Vũ Hy Chương (chủ biên)...[ et al.] | |
| 260 | |a Hà Nội | ||
| 260 | |b Nhà xuất bản Hà Nội | ||
| 260 | |c 2010 | ||
| 520 | |a Vai trò của khoa học và nhân tài trong quá trình phát triển của Thăng Long - Hà Nội, chính sách phát triển khoa học và trọng dụng nhân tài qua các thời kỳ. | ||
| 650 | |a Hanoi (Vietnam),Hà Nội (Việt Nam) | ||
| 650 | |x History,Lịch sử | ||
| 904 | |i Năm | ||
| 980 | |a Trung tâm Học liệu Trường Đại học Cần Thơ | ||